000 04919nam a2200349 i 4500
001 114420
003 ES-MaACL
005 20250829114857.0
007 t|
008 170913m18371838fr ||||1| fre d
080 _a276(082)
245 0 0 _aChefs-d'oeuvre des Pères de l'Eglise
_b: ou Choix d'ouvrages complets des docteurs de l'Église grecque et latine : traduction avec le texte latin en regard.
260 _aParis :
_bBibliothèque ecclésiastique,
_c1837-1838.
300 _a15 v. ;
_c22 cm.
500 _aTexto paraleo en francés y latín.
505 8 _aContiene: Vol.1 : Saint Clément : Première et seconde épître aux Corinthiens ; Saint Ignace : Epître aux Romains, Epître aux Smyrnées ; Saint Polycarpe : Epître aux Philippiens ; Saint Justin : Première apologie, Epître des eglises de Vienne et de Lyon ; Hermias : Critique des philosophes païens ; Tertullien : Apologétique, Des prescriptions, Contre les spectacles ; Minucius Félix : Octavius. - Vol. 2 : Origène : Traité de la prière, Exhortation au martyre ; Saint Cyprien : Lettre sur les calomniateurs, Traité sur ceux qui sont tombés, Traité sur l'unité de l'Eglise catholique, Traité sur la vanité des idoles, Traité sur l'aumone, Traité sur la vanité et l'envie, Lettres à Fortunat. Exhortation au martyre ; Lactance : Du culte des faux dieux. - Vol. 3 : Lactance : Traité de la colère de Dieu ; Saint Athanase : Apologie de l'empereur Constance, Contre Apollinaire, de l'incarnation de notre Seigneur Jesus-Christ, Lettre encyclique aux évêques d'Egypte et de Libye, Premier discours contre les ariens ; Eusèbe : Eusèbe contre Hiéroclès. - Vol. 4 : Saint Grégoire de Naziance : Discours contre l'empereur Julien, Discours sur l'excellence du sacerdoce et les devoirs des pasteurs ; Saint Basile le grand : Discours adressé aux jeunes gens, sur l'utilité qu'ils peuvent tirer de la lecture des livres profanes, Homélie sur ce sujet : Que Dieu n'est pas l'auteur du mal, sur ces paroles : Portez votre attention sur vous-même, sur le jeûne, sur le mépris du monde, sur la colère, sur l'envie, sur l'humilité, sur l'avarice, Panégyrique des quarantes martyrs de Sébaste. - Vol. 5 : Saint Hilaire : Contre les ariens, ou contre Auxence, Lettre et hymne à sa fille Abra, De la Trinité ; Saint Ephrem : Discours exégétiques, Confessions, Discours de polémique, Sur la résurrection et le jugement, Sur la pénitence, Sur les vices et sur les vertus, Homélie sur la femme pécheresse qui répandit des parfums sur les pieds de Notre-Seigneur, Lettre au moine Jean, Prière ; Saint Cyrille : Catéchèse. - Vol. 6 : Saint Ambroise : Des avantages de la mort, Invectives sur la chute d'une jeune vierge consacrée au Seigneur, Des devoirs des ministres sacrés, Lettres. - Vol. 7 : Saint Jean Chrysostome : Du sacerdoce, Traité de la virginité, A une jeune veuve, Traité sur les cohabitations illicites, Livre de la componction du coeur, au moine Démétrius, Prallèle entre un roi et un moine. - Vol. 8 : Saint Jean Chrysostome : Homélies I à XV, Homélies au peuple d'Antioche Homéli I à VIII. - Vol. 9 : Saint Jean Chrysostome : Homélies, discours, panégyriques, exposition du psaume XXXVIII. - Vol. 10 : Saint Astère : Homélie I à III ; Saint Grégoire : Grande catéchèse, Traité de la formation de l'homme, Oraisons funèbres, discours choisis, Lettres choisies. - Vol. 11 : Saint Jérôme : Lettres choisies. - Vol. 12 : Saint Augustin : les Confessions. - Vol. 13 : Saint Augustin : Méditations (Meditationes), Soliloques (Soliloquia), Manuel ou abrégé sur la contemplation du Christ, ou encore sur la Parole de Dieu, pour ranimer dans l'âme le souvenir des biens célestes (Manuale seu libellus de contemplatione Christi, sive de Verbo Dei, quo sopita coelestis desiderii memoria renovetur), De l'immortalité de l'âme (De immortalitate animae), Sermons 138, 158, 150, 161, 56, 61 (extrait). - Vol. 14 : Lettres choisies de Saint Paulin. - Vol. 15 : Saint Bernard : Les cinq livres du traité de la considération ; des moeurs et des devoirs des évêques ; sermons et lettres
650 _aPatrística.
_915895
650 0 7 _aLiteratura cristiana primitiva
_2embne
_914529
700 0 _aAgustín,
_cSanto, Obispo de Hipona.
_9125563
700 1 _aGregorio de Nisa,
_cSanto.
_9163598
700 1 _aJuan Crisóstomo,
_cSanto.
_9139759
700 1 _aIgnacio,
_cSanto,
_cObispo de Antioquía.
_9163599
700 1 _aPolicarpo,
_cSanto,
_c Obispo de Esmirna.
_9163600
700 1 _aJustino,
_cSanto.
_9163601
700 1 _aTertuliano, Quinto Septimio Florente,
_dca. 160-220
_9109810
700 1 _aMinucio Félix, Marco.
_9163602
700 0 _aCipriano,
_cSanto,
_cObispo de Cartago.
_938871
700 1 _aHilario de Poitiers
_c, Santo.
_9140593
700 1 _aEfrén,
_cSanto.
_9163604
852 _aES-MaACL
_jC-20023-37
999 _c114420
_d114420